| 000 | 01127cam a22003613a 4500 | ||
|---|---|---|---|
| 001 | 35027 | ||
| 003 | PGUSA | ||
| 005 | 20140828083744.0 | ||
| 008 | 110121s2011||||xxu|||||s|||||000 | eng d | ||
| 040 |
_aPGUSA _beng |
||
| 042 | _adc | ||
| 050 | 4 | _aPN | |
| 245 | 1 | 0 |
_aMr. Punch's Railway Book _h[electronic resource] |
| 260 |
_bProject Gutenberg, _c2011 |
||
| 506 | _aPublic domain in the USA. | ||
| 516 | _aElectronic text | ||
| 653 | _aEnglish wit and humor | ||
| 653 | _aRailroads -- Great Britain -- Humor | ||
| 653 | _aEnglish wit and humor, Pictorial | ||
| 700 | 1 |
_aTenniel, John, _d1820-1914 |
|
| 700 | 1 |
_aHammerton, John Alexander, _cSir, _d1871-1949 |
|
| 700 | 1 |
_aRaven-Hill, L. _q(Leonard), _d1867-1942 |
|
| 700 | 1 |
_aPartridge, Bernard, _d1861-1945 |
|
| 700 | 1 |
_aDu Maurier, George, _d1834-1896 |
|
| 700 | 1 |
_aMay, Phil, _d1864-1903 |
|
| 700 | 1 | _aCleaver, Reginald | |
| 700 | 1 |
_aLeech, John, _d1817-1864 |
|
| 700 | 1 |
_aKeene, Charles, _d1823-1891 |
|
| 700 | 1 |
_aReed, Edward Tennyson, _d1860-1933 |
|
| 830 | 0 |
_aProject Gutenberg _v35027 |
|
| 856 | 4 | 0 | _uhttp://www.gutenberg.org/ebooks/35027 |
| 942 | _cEB | ||
| 999 |
_c264282 _d264282 |
||